| 000 | 00472nab a2200145Ia 4500 | ||
|---|---|---|---|
| 003 | ES-SlBCS | ||
| 005 | 20210601125500.0 | ||
| 008 | 140529s1995 xxu||||| |||| 00| 0 eng d | ||
| 041 | _aeng | ||
| 100 | 1 |
_aPasnau, Robert _9131799 |
|
| 245 | 0 | 0 |
_aHenry of Ghent and the Twilight of Divine Illumination _c Robert Pasnau |
| 600 | 0 | 4 |
_aEnrique de Gante-Iluminación Divina _9159179 |
| 773 | 0 |
_tReview of Methaphysics _gvol. 49, nº. 193, 1995, págs. 49-75 _wRev843 |
|
| 942 | _cAR | ||
| 999 |
_c531064 _d531064 |
||